| 000 | 00833cam a22002655a 4500 | ||
|---|---|---|---|
| 001 | 16546835 | ||
| 005 | 20151206154957.0 | ||
| 008 | 101119t2012 nyua frb 001 0 eng d | ||
| 020 | _a111130954X | ||
| 020 | _a9781111309541 | ||
| 040 |
_aTAC _beng _cTAC _dEG-ScBUE _dEG-ScBUE |
||
| 082 | 0 | 4 |
_a671.52 _bJEF _222 |
| 100 | 1 |
_aJeffus, Larry F. _938844 |
|
| 245 | 1 | 0 |
_aWelding : _bprinciples and applications / _cLarry Jeffus. |
| 250 | _a7th ed., international ed. | ||
| 260 |
_aNew York : _bDelmar / Cengage Learning , _cc.2012. |
||
| 300 |
_axxx, 976 p. : _bill. (col.) ; _c28 cm. |
||
| 500 | _aGlossary : p. 951-976. | ||
| 500 | _aIndex : p. 951-976. | ||
| 504 | _aIncludes bibliographical references. | ||
| 650 | 0 |
_aWelding. _2BUEsh |
|
| 651 | _2BUEsh | ||
| 653 |
_bENGGEN _cAugust2015 _cDecember2015 |
||
| 942 |
_2ddc _k671.52 JEF |
||
| 999 |
_c20643 _d20615 |
||